000 01043nam a22002897a 4500
001 7833
003 FISKH
005 20250811145420.0
008 250811b cb ||||| |||| 00| 0 eng d
040 _aFISKH
_beng
_cFISKH
_dFISKH
050 _aPZ7
082 _a823.8
100 _aSebag-Montefiore, Mary
245 _aBlack beauty /
_cAnna Sewell ; Adapted by Mary Sebag-Montefiore ; Illustrated by Alan Marks
250 _aThis edition first published in 2005
260 _aLondon :
_bUsborne,
_c2005
300 _a64 pages :
_bcolor illustrations ;
_c20 cm
505 _aP
520 _aThis is a poignant and moving retelling of Anna Sewell's classic novel, which follows the story of Black Beauty - the brave and noble horse that overcomes danger and cruelty to eventually find a loving home.
521 8 _a600
_bLexile
521 8 _aP
_bRaz-Plus
650 _2Horses
_aAnthropomorphic animals
650 _2Classic
_aFirst chapter books
700 _aMarks, Alan
_dillustrator
942 _2ddc
_cBK
_n0
999 _c7833
_d7833